Histoire de l'hypothese des ondes cosmiques, composee pour l'explication des formes cometaires (in French) (Record no. 353)

MARC details
000 -LEADER
fixed length control field 00577nam a2200193Ia 4500
003 - CONTROL NUMBER IDENTIFIER
control field IN-BaIIA
008 - FIXED-LENGTH DATA ELEMENTS--GENERAL INFORMATION
fixed length control field 211028s9999 xx 000 0 eng d
040 ## - CATALOGING SOURCE
Transcribing agency IIA Library
080 ## - UNIVERSAL DECIMAL CLASSIFICATION NUMBER
Universal Decimal Classification number 523.64
Item number BRE
100 ## - MAIN ENTRY--PERSONAL NAME
Personal name Bredichin, T. H.
9 (RLIN) 754
245 #0 - TITLE STATEMENT
Title Histoire de l'hypothese des ondes cosmiques, composee pour l'explication des formes cometaires (in French)
Statement of responsibility, etc. T. H. Bredichin
260 ## - PUBLICATION, DISTRIBUTION, ETC.
Place of publication, distribution, etc. Paris
Date of publication, distribution, etc. 1883
300 ## - PHYSICAL DESCRIPTION
Extent 60p.
650 ## - SUBJECT ADDED ENTRY--TOPICAL TERM
Topical term or geographic name entry element Astronomy and Astrophysics Thesaurus
650 ## - SUBJECT ADDED ENTRY--TOPICAL TERM
Topical term or geographic name entry element Comets
9 (RLIN) 755
650 ## - SUBJECT ADDED ENTRY--TOPICAL TERM
Topical term or geographic name entry element Planetary system
9 (RLIN) 756
650 ## - SUBJECT ADDED ENTRY--TOPICAL TERM
Topical term or geographic name entry element Solar system
942 ## - ADDED ENTRY ELEMENTS (KOHA)
Koha item type Books
Holdings
Withdrawn status Lost status Damaged status Not for loan Home library Current library Shelving location Date acquired Total Checkouts Full call number Barcode Date last seen Price effective from Koha item type
        IIA Library-Bangalore IIA Library-Kodaikanal General Stacks     523.64/ BRE 346 05/11/2021   Books

Powered by Koha